[Event "70th RUS-ch Women Higher League 2020"]
[Site "Sochi"]
[Date "2020.10.16"]
[Round "8.17"]
[White "Kochukova, Anna"]
[Black "Salakhova, Adelya"]
[Result "1-0"]
[WhiteElo "2093"]
[BlackElo "1885"]
[Annotator "NA"]
[PlyCount "161"]
[EventDate "2020.10.08"]
[EventType "swiss"]
[EventCountry "RUS"]
[SourceTitle "playchess.com"]
[Source "ChessBase"]
[SourceQuality "1"]
[TimeControl "40/5400+30:1800+30"]

1. e4 {[%emt 0:00:00]} d6 {[%emt 0:00:00]} 2. d4 {[%emt 0:00:00]} Nf6 {[%emt 0:00:00]} 3. Nc3 {[%emt 0:00:26]} Nbd7 {[%emt 0:00:23]} 4. Be3 {[%emt 0:02:50]} c6 {[%emt 0:00:19]} 5. f3 {[%emt 0:02:37]} b5 {[%emt 0:02:09]} 6. Qd2 {[%emt 0:00:58]} Bb7 {[%emt 0:00:54]} 7. Nge2 {[%emt 0:03:08]} Nb6 {[%emt 0:03:06]} 8. b3 {[%emt 0:00:48]} g6 {[%emt 0:06:27]} 9. Ng3 {[%emt 0:11:20]} Bg7 $14 {[%emt 0:02:54]} 10. Bh6 {[%emt 0:03:11]} O-O {[%emt 0:08:08]} 11. h4 {[%emt 0:03:58]} Bh8 {[%emt 0:04:38]} 12. Bxf8 {[%emt 0:03:47]} Qxf8 {[%emt 0:00:53]} 13. h5 {[%emt 0:00:47]} b4 {[%emt 0:04:43]} 14. Nce2 {[%emt 0:00:46]} c5 {[%emt 0:03:25]} 15. hxg6 {[%emt 0:03:55]} hxg6 {[%emt 0:00:30]} 16. Rd1 {[%emt 0:01:34]} Bg7 {[%emt 0:08:11]} 17. dxc5 {[%emt 0:10:31]} dxc5 {[%emt 0:00:16]} 18. Qg5 {[%emt 0:00:10]} Qc8 {[%emt 0:07:14]} 19. Nf4 {[%emt 0:09:38]} c4 {[%emt 0:11:31]} 20. Be2 {[%emt 0:03:44]} cxb3 {[%emt 0:08:12]} 21. cxb3 {[%emt 0:00:14]} Qc3+ {[%emt 0:01:19]} 22. Kf1 {[%emt 0:00:16]} Qc2 {[%emt 0:03:45]} 23. Nd3 {[%emt 0:09:10]} Qxa2 {[%emt 0:09:34]} 24. Qc5 {[%emt 0:03:01]} Qxb3 {[%emt 0:01:52]} 25. Qxe7 {[%emt 0:00:59]} Ba6 {[%emt 0:01:11]} 26. Qxb4 {[%emt 0:00:22]} Qe6 {[%emt 0:01:39]} 27. Nf4 {[%emt 0:03:04]} Bxe2+ {[%emt 0:00:08]} 28. Ngxe2 {[%emt 0:00:11]} Qa2 {[%emt 0:00:37]} 29. Qe7 {[%emt 0:01:24]} Re8 {[%emt 0:01:53]} 30. Qc7 {[%emt 0:01:58]} Nc4 {[%emt 0:01:30]} 31. Kf2 {[%emt 0:01:26]} Ne5 {[%emt 0:03:49]} 32. Rd8 {[%emt 0:02:50]} Qa4 {[%emt 0:01:33]} 33. Rhd1 {[%emt 0:00:15]} g5 {[%emt 0:02:22]} 34. Nh5 {[%emt 0:02:08]} Nxh5 {[%emt 0:00:37]} 35. Rxe8+ {[%emt 0:00:01]} Kh7 {[%emt 0:00:10]} 36. Red8 {[%emt 0:02:49]} Qa2 {[%emt 0:00:57]} 37. Rh1 {[%emt 0:01:11]} Kg6 {[%emt 0:00:08]} 38. Qd6+ {[%emt 0:00:37]} f6 {[%emt 0:00:20]} 39. Qd5 {[%emt 0:03:21]} Qb2 {[%emt 0:00:07]} 40. Qd4 {[%emt 0:00:00]} Qc2 {[%emt 0:00:00]} 41. Qd2 {[%emt 0:13:09]} Qc5+ {[%emt 0:02:12]} 42. Qe3 {[%emt 0:00:27]} Qa5 {[%emt 0:02:28]} 43. Rd5 {[%emt 0:00:29]} Qa2 {[%emt 0:00:35]} 44. Rhd1 {[%emt 0:08:50]} Nc4 {[%emt 0:06:53]} 45. Qc3 {[%emt 0:01:09]} Bf8 {[%emt 0:05:46]} 46. Ra1 {[%emt 0:01:29]} Qb2 {[%emt 0:01:30]} 47. Qxb2 {[%emt 0:00:13]} Nxb2 {[%emt 0:00:03]} 48. Ke3 {[%emt 0:03:02]} a5 {[%emt 0:00:19]} 49. Kd4 {[%emt 0:00:22]} a4 {[%emt 0:00:42]} 50. Kc3 {[%emt 0:01:16]} a3 {[%emt 0:01:05]} 51. Kb3 {[%emt 0:00:05]} Ng7 {[%emt 0:01:02]} 52. Nd4 {[%emt 0:02:36]} Nd3 {[%emt 0:00:35]} 53. Nb5 {[%emt 0:00:48]} Nc5+ {[%emt 0:02:27]} 54. Kc4 {[%emt 0:00:17]} Nge6 {[%emt 0:00:12]} 55. Nxa3 {[%emt 0:00:31]} Na4 {[%emt 0:00:39]} 56. Ra5 {[%emt 0:00:58]} Nec5 {[%emt 0:00:29]} 57. Nc2 {[%emt 0:01:17]} Nb2+ {[%emt 0:01:20]} 58. Kc3 {[%emt 0:00:10]} Nbd3 {[%emt 0:00:37]} 59. Ne3 {[%emt 0:01:28]} Nf4 {[%emt 0:00:21]} 60. R1a2 {[%emt 0:01:28]} Ncd3 {[%emt 0:01:02]} 61. Nd5 {[%emt 0:00:46]} Bd6 {[%emt 0:01:26]} 62. Nxf4+ {[%emt 0:00:14]} Nxf4 {[%emt 0:00:06]} 63. Rd2 {[%emt 0:01:22]} Bc7 {[%emt 0:00:19]} 64. Rb5 {[%emt 0:00:31]} g4 {[%emt 0:00:28]} 65. Ra2 {[%emt 0:02:14]} gxf3 {[%emt 0:00:15]} 66. gxf3 {[%emt 0:00:01]} Be5+ {[%emt 0:00:30]} 67. Kd2 {[%emt 0:00:33]} Kg5 {[%emt 0:00:11]} 68. Ke3 {[%emt 0:00:17]} Kh4 {[%emt 0:00:35]} 69. Raa5 {[%emt 0:00:57]} Ng6 {[%emt 0:00:24]} 70. Rxe5 {[%emt 0:01:29]} fxe5 {[%emt 0:00:35]} 71. Rb5 {[%emt 0:01:14]} Kg3 {[%emt 0:02:21]} 72. Ra5 {[%emt 0:00:25]} Kh4 {[%emt 0:00:37]} 73. Ra6 {[%emt 0:00:36]} Kg5 {[%emt 0:00:40]} 74. Re6 {[%emt 0:00:09]} Kh5 {[%emt 0:00:23]} 75. Rf6 {[%emt 0:00:41]} Nh4 {[%emt 0:00:33]} 76. Re6 {[%emt 0:00:47]} Ng6 {[%emt 0:00:10]} 77. Kf2 {[%emt 0:00:14]} Kg5 {[%emt 0:00:21]} 78. Kg3 {[%emt 0:00:04]} Kh5 {[%emt 0:00:11]} 79. Rf6 {[%emt 0:00:22]} Nh4 {[%emt 0:02:44]} 80. f4 {[%emt 0:01:49]} exf4+ {[%emt 0:00:11]} 81. Kxf4 {[%emt 0:00:12]} 1-0

[Event "70th RUS-ch Women Higher League 2020"]
[Site "Sochi"]
[Date "2020.10.16"]
[Round "8.18"]
[White "Makarova, Olga"]
[Black "Berezina, Mariya"]
[Result "1/2-1/2"]
[WhiteElo "1875"]
[BlackElo "1982"]
[Annotator "ChessBase"]
[PlyCount "80"]
[EventDate "2020.10.08"]
[EventType "swiss"]
[EventCountry "RUS"]
[SourceTitle "playchess.com"]
[Source "ChessBase"]
[SourceQuality "1"]
[TimeControl "40/5400+30:1800+30"]

1. c4 {[%emt 0:01:06]} e6 {[%emt 0:00:00]} 2. Nf3 {[%emt 0:00:05]} d5 {[%emt 0:00:00]} 3. g3 {[%emt 0:01:19]} Nf6 {[%emt 0:00:28]} 4. Bg2 {[%emt 0:00:08]} Be7 {[%emt 0:00:30]} 5. O-O {[%emt 0:00:10]} O-O {[%emt 0:00:30]} 6. d4 {[%emt 0:00:11]} dxc4 {[%emt 0:02:09]} 7. Ne5 {[%emt 0:02:51]} Nc6 {[%emt 0:02:06]} 8. Bxc6 {[%emt 0:02:36]} bxc6 {[%emt 0:00:07]} 9. Nxc6 {[%emt 0:00:04]} Qe8 {[%emt 0:00:09]} 10. Nxe7+ {[%emt 0:00:05]} Qxe7 {[%emt 0:00:04]} 11. Qa4 {[%emt 0:00:11]} e5 {[%emt 0:03:02]} 12. dxe5 {[%emt 0:01:02]} Qxe5 {[%emt 0:00:21]} 13. Nc3 {[%emt 0:00:11]} Ne4 {[%emt 0:01:06]} 14. Qxc4 {[%emt 0:01:00]} Nxc3 {[%emt 0:00:52]} 15. bxc3 {[%emt 0:00:15]} Be6 {[%emt 0:01:04]} 16. Bf4 {[%emt 0:02:44]} Bxc4 {[%emt 0:01:24]} 17. Bxe5 {[%emt 0:00:07]} Rfe8 {[%emt 0:00:38]} 18. Bxc7 {[%emt 0:00:32]} Rxe2 {[%emt 0:00:09]} 19. a4 {[%emt 0:00:47]} Rc8 {[%emt 0:00:41]} 20. Bf4 {[%emt 0:00:44]} f6 {[%emt 0:01:18]} 21. Rfe1 {[%emt 0:00:40]} Rxe1+ {[%emt 0:01:03]} 22. Rxe1 {[%emt 0:00:07]} Bb3 {[%emt 0:00:37]} 23. a5 {[%emt 0:01:59]} Rxc3 {[%emt 0:00:17]} 24. Rc1 {[%emt 0:00:13]} Rxc1+ {[%emt 0:00:08]} 25. Bxc1 {[%emt 0:00:04]} a6 {[%emt 0:00:14]} 26. f4 {[%emt 0:00:14]} f5 {[%emt 0:00:10]} 27. Kf2 {[%emt 0:00:06]} g6 {[%emt 0:00:13]} 28. Ke3 {[%emt 0:00:06]} Bc4 {[%emt 0:00:14]} 29. Kd4 {[%emt 0:00:11]} Bb5 {[%emt 0:00:06]} 30. Ke5 {[%emt 0:00:05]} Kf7 {[%emt 0:00:05]} 31. Ba3 {[%emt 0:00:10]} h5 {[%emt 0:00:11]} 32. h3 {[%emt 0:00:09]} Bf1 {[%emt 0:00:10]} 33. h4 {[%emt 0:00:04]} Bb5 {[%emt 0:00:06]} 34. Bd6 {[%emt 0:00:12]} Bf1 {[%emt 0:00:08]} 35. Bc7 {[%emt 0:00:10]} Bb5 {[%emt 0:00:06]} 36. Bd8 {[%emt 0:00:04]} Be2 {[%emt 0:00:06]} 37. Bb6 {[%emt 0:00:06]} Bb5 {[%emt 0:00:04]} 38. Kd6 {[%emt 0:00:05]} Be2 {[%emt 0:00:06]} 39. Bd8 {[%emt 0:00:06]} Bb5 {[%emt 0:00:04]} 40. Ke5 {[%emt 0:00:00]} Be2 {[%emt 0:00:00]} 1/2-1/2

[Event "70th RUS-ch Women Higher League 2020"]
[Site "Sochi"]
[Date "2020.10.17"]
[Round "9.1"]
[White "Gunina, Valentina"]
[Black "Goltseva, Ekaterina"]
[Result "1-0"]
[WhiteElo "2431"]
[BlackElo "2294"]
[Annotator "TA"]
[PlyCount "85"]
[EventDate "2020.10.08"]
[EventType "swiss"]
[EventCountry "RUS"]
[SourceTitle "playchess.com"]
[Source "ChessBase"]
[SourceQuality "1"]

{[%evp 9,85,20,23,0,0,-7,30,39,43,31,35,10,14,17,17,14,11,12,10,17,18,20,21,31,41,17,23,-7,37,-14,0,0,5,2,9,0,0,0,18,38,61,11,11,19,25,16,21,27,107,41,42,8,132,41,64,13,412,400,438,453,449,455,450,438,394,398,437,351,346,313,552,539,1487,1397,1194,1097,1020,1012]} 1. d4 {Krasenkow,M} Nf6 2. c4 e6 3. Nf3 d5 4. Nc3 dxc4 5. e4 Bb4 6. Bxc4 {D24: Queen's Gambit Accepted: 3 Nf3 Nf6 4 Nc3.} Nxe4 7. O-O Nf6 8. Qa4+ {White has an edge.} Nc6 9. Ne5 Rb8 10. Nxc6 (10. d5 {keeps more tension.} exd5 11. Nxc6 bxc6 12. Nxd5 Nxd5 13. Qxc6+ Bd7 14. Qxd5 O-O 15. Bg5) 10... bxc6 11. Qxc6+ Qd7 12. Qxd7+ Bxd7 {[#]} 13. a3 $146 ({Predecessor:} 13. Bg5 O-O 14. Rfc1 Ba5 15. Rab1 Rfd8 16. Bb3 Bc6 17. Rd1 Rd7 18. Rbc1 h6 19. Be3 {1-0 (52) Halkias,S (2580)-Fressinet,L (2670) Rijeka 2010 CBM 136 [Krasenkow,M]}) 13... Bd6 14. b4 Bc6 15. Re1 O-O 16. Bg5 Nd7 17. Rac1 h6 18. Bh4 Nb6 (18... a5 $5) 19. Ba2 (19. Bd3 $14) 19... g5 20. Bg3 Bxg3 21. hxg3 Rfd8 22. Nb1 Rd6 23. Rc5 Na4 24. Ra5 Rb7 25. f4 gxf4 26. gxf4 Rxd4 27. f5 $1 $36 {[%cal Rf5e6][%mdl 2048] White has good play.} Rg4 28. Re2 e5 {[#]} (28... Bb5 $11 29. Re5 Bc6) 29. Raxe5 (29. Bb3 $1 $16) 29... Bb5 30. Rf2 c6 {[#]} (30... c5 $1 $11 {remains equal.}) 31. Re8+ (31. f6 $1 $16 {Re7 is the strong threat.} c5 32. Re7 (32. bxc5 Bc6 $14) 32... Rxe7 33. fxe7) 31... Kh7 $14 32. f6 (32. Rf8 $14) 32... Rd4 $2 {[%mdl 8192] This move loses the game for Black.} (32... c5 $1 $11 {and Black has nothing to worry.} 33. Re5 cxb4) 33. Bb3 $18 c5 34. Bc2+ Bd3 35. Bxa4 Bxb1 36. Re7 Rb8 37. Rxf7+ Kg8 38. Rg7+ Kf8 39. Rf3 h5 $2 (39... c4 40. Rxa7 h5) 40. Rfg3 {White is clearly winning.} Rb6 41. bxc5 Rxf6 42. Rg8+ Ke7 43. Re3+ {Av CentiPawn Loss W=-19/B=-48. Weighted=-19/-52} 1-0

[Event "70th RUS-ch Women Higher League 2020"]
[Site "Sochi"]
[Date "2020.10.17"]
[Round "9.2"]
[White "Getman, Tatyana"]
[Black "Garifullina, Leya"]
[Result "1/2-1/2"]
[WhiteElo "2271"]
[BlackElo "2335"]
[Annotator "TA"]
[PlyCount "81"]
[EventDate "2020.10.08"]
[EventType "swiss"]
[EventCountry "RUS"]
[SourceTitle "playchess.com"]
[Source "ChessBase"]
[SourceQuality "1"]

{[%evp 14,81,22,22,23,25,19,17,22,23,23,24,34,29,31,37,29,25,27,39,38,0,0,0,0,0,15,4,10,0,0,0,0,-4,5,0,0,0,0,-12,-12,-12,-12,-12,-12,-12,-12,-12,-12,-12,-12,-12,-12,-34,-12,-33,-12,-22,-22,-50,0,-8,0,-8,-8,-22,-8,-22,0,0]} 1. Nf3 Nf6 2. c4 e6 3. Nc3 d5 4. d4 c5 5. cxd5 cxd4 6. Qxd4 exd5 7. Bg5 Be7 8. e3 O-O {D50: Queen's Gambit Declined: Dutch-Peruvian Gambit.} 9. Be2 h6 10. Bh4 Nc6 11. Qd3 Be6 12. O-O {[#]} a6 $146 ({Predecessor:} 12... Qb6 13. Qb5 Qxb5 14. Nxb5 g5 15. Bg3 Ne4 16. Nfd4 Nxg3 17. hxg3 Nxd4 18. Nxd4 Bf6 19. Rfd1 Rac8 20. Bb5 Bxd4 21. Rxd4 Rc2 22. Rb1 Rfc8 23. Ba4 {½-½ (23) Nikolov,M (2561)-Stupak,K (2570) Paleochora 2017}) 13. Rfd1 Qb6 14. Bxf6 Bxf6 15. Nxd5 Bxd5 16. Qxd5 Rad8 17. Qf5 Qxb2 18. Bc4 Rxd1+ (18... Qb4 $5 19. Bd3 $8 Rxd3 20. Qxd3 Bxa1 21. Rxa1 Qa4 $11) 19. Rxd1 Rd8 20. Rxd8+ Nxd8 21. g4 Qc1+ 22. Bf1 Qc6 23. Bd3 Qe6 (23... g6 {seems wilder.} 24. Qe4 b5 25. Kg2 Kf8 26. Kf1 Qxe4 27. Bxe4 Ke7) 24. a4 (24. Qxe6 {keeps more tension.} Nxe6 25. Nd2 Nc5 26. Bc4 Bc3 27. Nb3) 24... Qxf5 25. gxf5 $11 {[%mdl 4096] Endgame KBN-KBN} Kf8 26. e4 Bc3 27. e5 Nc6 28. Be4 $1 Nxe5 29. Nxe5 Bxe5 30. Bxb7 {KB-KB} a5 31. Kg2 Ke7 32. h3 Kf6 33. Be4 Bd4 34. Bd3 Ke5 35. f3 Kf4 36. Be4 Ke3 37. Bd5 {The position is equal.} Kf4 38. Bxf7 Kxf5 39. Bc4 Kf4 40. Bd5 Ke5 41. Be4 {Av CentiPawn Loss W=-6/B=-5. Weighted=-6/-5} 1/2-1/2

[Event "70th RUS-ch Women Higher League 2020"]
[Site "Sochi"]
[Date "2020.10.17"]
[Round "9.3"]
[White "Belenkaya, Dina"]
[Black "Guseva, Marina"]
[Result "0-1"]
[WhiteElo "2297"]
[BlackElo "2377"]
[Annotator "TA"]
[PlyCount "72"]
[EventDate "2020.10.08"]
[EventType "swiss"]
[EventCountry "RUS"]
[SourceTitle "playchess.com"]
[Source "ChessBase"]
[SourceQuality "1"]

{[%evp 11,72,1,10,17,18,17,17,17,25,16,25,25,22,25,32,22,27,29,25,15,15,0,45,-35,-39,-37,-31,-58,-60,-127,-125,-361,-343,-494,-260,-726,-734,-703,-707,-706,-632,-1264,-1342,-1432,-881,-1297,-1227,-2301,-2199,-3189,-3115,-29987,-29985,-29986,-29981,-29985,-29986,-29986,-29987,-29993,-29987,-29987,-29987]} 1. e4 c5 2. Nf3 d6 3. d4 cxd4 4. Qxd4 Nc6 5. Bb5 Bd7 6. Qd3 g6 {is cutting edge theory.} 7. c4 {B53: Sicilian: 2...d6: Lines with Qxd4.} Bg7 8. O-O Nf6 9. Nc3 {The position is equal.} O-O 10. h3 a6 11. Bxc6 Bxc6 12. Nd4 Rc8 13. Be3 Nd7 14. Rac1 Nc5 15. Qb1 Ne6 {[#]} 16. Qd3 $146 ({Predecessor:} 16. Nxe6 fxe6 17. Rfd1 Qa5 18. f3 Qh5 19. Qd3 Be5 20. b4 b5 21. cxb5 axb5 22. Ne2 Bd7 23. a3 Qh4 24. Bf2 Qg5 25. Be3 Qh4 26. Bf2 {½-½ (26) Karjakin,S (2760)-Nepomniachtchi,I (2729) Riadh 2017}) 16... Bd7 17. b4 ({Better is} 17. Rfd1 $14) 17... Bxd4 $1 $15 18. Bxd4 Nf4 19. Qe3 {Threatens to win with Bb6.} Rxc4 {White must now prevent ...e5.} 20. e5 {[#]} (20. Bb6 $15 Qc8 21. Qxf4 Rxc3 22. Qd2) 20... Bc6 $1 $36 {[%mdl 2048] Black has strong initiative.} 21. Rfd1 $2 {White does not recover from this.} (21. f3 $17 {might work better.}) 21... Nxg2 $19 22. Qg3 {[#]} (22. Qd3 $142 Rxb4 23. a3) 22... Ne1 (22... Nh4 $142 $1 {[%mdl 512]} 23. Qxh4 dxe5) 23. Ne4 $2 (23. Rxe1 Rxd4 24. Rcd1 Rxb4 25. Nd5 Bxd5 26. Rxd5) 23... Bxe4 ({Less strong is} 23... Nc2 24. Rxc2 Rxc2 25. exd6 $11) 24. Rxc4 Nf3+ 25. Kf1 dxe5 26. h4 exd4 27. Qf4 Bd5 28. Rc5 e5 29. Qh6 b6 30. Rcc1 Qd7 31. h5 Qg4 {Black mates.} 32. hxg6 hxg6 33. a4 {[#]} d3 $1 34. Rxd3 {[#]} Bc4 $1 {[%cal Rc4d3]} 35. Rcc3 Bxd3+ 36. Rxd3 {[#]} Qc4 $1 {Av CentiPawn Loss W=-178/B=-37. Weighted=-169/-34} 0-1

[Event "70th RUS-ch Women Higher League 2020"]
[Site "Sochi"]
[Date "2020.10.17"]
[Round "9.4"]
[White "Kovanova, Baira"]
[Black "Kovalevskaya, Ekaterina"]
[Result "0-1"]
[WhiteElo "2324"]
[BlackElo "2384"]
[Annotator "TA"]
[PlyCount "46"]
[EventDate "2020.10.08"]
[EventType "swiss"]
[EventCountry "RUS"]
[SourceTitle "playchess.com"]
[Source "ChessBase"]
[SourceQuality "1"]

{[%evp 15,46,29,25,11,18,0,7,-37,-23,-28,-7,-12,-14,-52,-40,-98,-102,-177,-173,-331,-333,-606,-592,-830,-815,-952,-932,-937,-936,-950,-951,-883,-862]} 1. d4 Nf6 2. Nf3 c5 3. d5 g6 4. Nc3 Bg7 5. e4 d6 6. Be2 O-O 7. O-O e6 8. dxe6 Bxe6 9. Bg5 {A43: Schmid Benoni.} h6 10. Bh4 Nc6 11. Qd2 {The position is equal.} g5 12. Bg3 d5 13. exd5 Nxd5 14. Ne4 {[#]} Qb6 $146 ({Predecessor:} 14... Bxb2 15. Rab1 Nc3 16. Nxc3 Qxd2 17. Nxd2 Bxc3 18. Ne4 Bg7 19. Nxc5 Nd4 20. Bd3 Bxa2 21. Rxb7 {½-½ (40) Naumkin,I (2480)-Malakhov,V (2535) Celle Ligure 1996}) 15. Bd6 (15. c3 $15) 15... Rfd8 $17 16. c3 {[#]} (16. Bxc5 $17 Qxb2 17. Rfb1) 16... Nf6 $1 $36 {[%cal Rf6e4][%mdl 2048] Black is really pushing.} 17. Nxf6+ $2 (17. Nxc5 {is the only way for White.} Ne8 18. Nxe6 fxe6 19. Qc2 Rxd6 20. Rad1) 17... Bxf6 18. b4 $2 (18. h4) 18... cxb4 {Black is clearly winning.} 19. c4 Rxd6 20. Qxd6 Nd4 {[%mdl 64] [#] Discovered Attack} 21. Qxb6 Nxe2+ {[%mdl 64] Discovered Attack} ({Weaker is} 21... axb6 22. Nxd4 Bxd4 23. Rad1 $17) 22. Kh1 axb6 23. Rab1 Bc3 {White did not feel at home in the position after the opening. Av CentiPawn Loss W=-71/B=-9. Weighted=-104/-10} 0-1

[Event "70th RUS-ch Women Higher League 2020"]
[Site "Sochi"]
[Date "2020.10.17"]
[Round "9.5"]
[White "Dordzhieva, Dinara"]
[Black "Schepetkova, Margarita"]
[Result "1-0"]
[WhiteElo "2354"]
[BlackElo "2257"]
[Annotator "TA"]
[PlyCount "155"]
[EventDate "2020.10.08"]
[EventType "swiss"]
[EventCountry "RUS"]
[SourceTitle "playchess.com"]
[Source "ChessBase"]
[SourceQuality "1"]

{[%evp 15,155,23,29,30,23,22,37,0,79,0,78,78,81,77,89,60,75,76,91,74,76,56,87,75,87,74,77,85,136,156,146,127,138,62,73,64,62,63,74,63,65,30,41,0,0,0,0,0,0,0,0,0,0,0,0,0,0,0,0,0,0,0,0,0,0,0,0,0,0,0,0,0,0,-10,-5,-11,0,-22,83,93,92,80,88,95,62,98,133,81,208,131,128,74,234,256,202,244,330,293,388,379,969,917,29969,437,461,441,451,436,444,440,422,402,365,186,500,337,769,557,512,445,416,370,405,396,695,658,566,419,557,322,916,717,1233,1196,2153,2256,2293,1240,29957,29966,29983,7191]} 1. d4 Nf6 2. c4 e6 3. Nc3 Bb4 4. e3 O-O 5. Bd2 b6 6. Nf3 Bb7 7. Bd3 Bxc3 8. Bxc3 Ne4 9. Bxe4 {E21: Nimzo-Indian: 4 Nf3.} Bxe4 10. d5 c5 {10...f6 is the fancy move.} 11. h4 {[#] White is slightly better.} (11. Nd2 $5 {[%cal Rd2e4]} exd5 12. Nxe4 dxe4 13. Qg4 $1 $16 {[%mdl 512]}) 11... Na6 $146 (11... exd5 $11 12. Ng5 Qe7) ({Predecessor:} 11... f6 12. Qe2 b5 13. Nd2 Bg6 14. h5 Be8 15. Ne4 exd5 16. cxd5 d6 17. a3 Qe7 {0-1 (26) Pouliquen,A (1726)-Nineuil,V (1920) Fouesnant 2007}) 12. Ng5 (12. Nd2 $16 exd5 13. Nxe4 dxe4 14. Qg4 $1 {[%mdl 512]}) 12... exd5 (12... Bg6 $1 $11) 13. Nxe4 $16 dxe4 {[#]} 14. Qg4 $1 {[%csl Gc3][%cal Rg4g7][%mdl 512]} f6 15. Rd1 Rf7 16. Qxe4 Qe8 17. Qf4 Rc8 18. h5 Rc6 19. h6 g6 20. O-O Re6 21. Rd6 Re4 (21... Rxd6 $142 22. Qxd6 Qb8) 22. Qf3 f5 23. Rfd1 Nb8 24. Qg3 (24. g3 $16) 24... Rg4 $14 25. Qe5 Qxe5 26. Bxe5 Rxc4 27. R6d2 $1 Nc6 28. Bf4 (28. Bg7 {looks sharper.} Re7 29. Bf6 Re6 30. b3 Rce4 31. Bg5) 28... Re4 29. Rxd7 Rxd7 30. Rxd7 {[%mdl 4096] Endgame aiming for Bd6. KRB-KRN} Re7 31. Rd6 Na5 $1 32. Bg5 Rc7 33. Bd8 Rb7 34. Bf6 Kf7 $1 35. b3 Rc7 36. Bd8 Rb7 37. Bg5 Rc7 38. Bf4 Re7 39. Bg5 Rc7 40. Bd8 Rb7 41. Bf6 Rc7 42. Bg7 {And now Rf6+ would win.} Ke7 43. Rf6 {Black must now prevent Rf8.} Rc8 44. g4 fxg4 45. Rf4 c4 {Strongly threatening ...c3.} 46. bxc4 Rxc4 (46... Nxc4 $11 47. Re4+ Kd7) 47. Rf8 $1 $16 g5 48. Rh8 Kf7 49. Rxh7 Kg6 50. Rh8 Rc2 51. Re8 ({Better is} 51. Rg8) 51... Nc4 (51... g3 $16) 52. Re6+ Kh7 {[#]} 53. Re7 ({White should play} 53. Kg2 $1) 53... Nd2 $2 (53... g3 $16) 54. Kg2 $18 ({Don't do} 54. Rxa7 $6 Ne4 $16) 54... Kg6 55. Re6+ Kh7 56. Kg3 Rc4 57. Re7 Ne4+ $2 (57... Kg6 58. h7 {[%mdl 64] Decoy} (58. Rxa7 $2 Rc1 $19) 58... Kxh7 59. Bc3+ {[%mdl 64] Discovered Attack} (59. Rxa7 Kg6 $11) 59... Kg6) 58. Kxg4 Nxf2+ 59. Kxg5 (59. Kh5 $142 Rh4+ 60. Kxg5 Rh1 61. Bd4+ Kg8 62. Rg7+ Kf8 63. h7 a5 64. Rg8+ Ke7 65. h8=Q Rxh8 66. Rxh8) 59... Ne4+ 60. Kf4 Nf6+ 61. Kf3 Ng8 62. Rxa7 Nxh6 63. Bd4+ Kg6 64. Rg7+ (64. Bxb6 $142 {a4 is the strong threat.} Nf5 65. a4) 64... Kh5 $2 (64... Kf5 65. Re7 Ng8) 65. Bxb6 Ra4 $2 (65... Nf5) 66. Ra7 Rb4 67. Bc7 Nf5 68. a4 Kg6 69. a5 Ra4 $2 (69... Rb3 70. Bf4 Kf6) 70. Ra8 Ne7 71. e4 Kf7 72. Bb6 Nc6 $2 (72... Ng6 73. a6 Ne7) 73. a6 Ne5+ 74. Kf4 Nd7 75. Be3 Nf6 76. a7 Ke6 77. Rd8 Nxe4 {[#]} 78. a8=Q {Av CentiPawn Loss W=-70/B=-96. Weighted=-39/-84} (78. Rd4 $142 $1 Ra2 79. Rxe4+ Kd5 80. Re8 Ra4+ 81. Kf3 Ra5 82. a8=Q+ Rxa8 83. Rxa8) 1-0

[Event "70th RUS-ch Women Higher League 2020"]
[Site "Sochi"]
[Date "2020.10.17"]
[Round "9.6"]
[White "Shafigullina, Zarina"]
[Black "Grigorieva, Yulia"]
[Result "0-1"]
[WhiteElo "2296"]
[BlackElo "2237"]
[Annotator "TA"]
[PlyCount "64"]
[EventDate "2020.10.08"]
[EventType "swiss"]
[EventCountry "RUS"]
[SourceTitle "playchess.com"]
[Source "ChessBase"]
[SourceQuality "1"]

{[%evp 13,64,25,25,35,31,16,22,10,26,28,32,29,16,22,32,28,54,-7,16,0,15,0,11,0,15,-57,4,-23,-16,-39,-26,-35,-30,-104,-95,-571,-475,-487,-486,-725,-683,-780,-783,-2194,-2041,-29993,-29994,-29995,-6547,-29996,-29997,-29997,-2003]} 1. d4 Nf6 2. c4 g6 3. Nf3 Bg7 4. g3 O-O 5. Bg2 d6 6. Nc3 Nc6 7. O-O Rb8 8. Qd3 {E62: King's Indian: Fianchetto: 6...c6 and Panno Variation (6...Nc6) without ...a6.} e5 9. d5 Nb4 10. Qb1 {The position is equal.} a5 {[#]} 11. a3 $146 ({Predecessor:} 11. Bd2 c6 12. e4 Bd7 13. b3 Na6 14. Rc1 Nc5 15. Be3 cxd5 16. Bxc5 dxc5 17. cxd5 {½-½ (52) Reed,A (2094)-Tolhurst,P (2198) ICCF email 2018}) 11... Na6 12. e4 Bd7 13. b4 c6 14. Bd2 Ne8 15. Ne1 (15. Re1 $14) 15... f5 16. Nd3 Nf6 17. b5 cxb5 18. cxb5 Nc7 19. f3 (19. a4 $1 $11) 19... Na8 ({Better is} 19... fxe4 $15 20. fxe4 Nxb5 {[%mdl 64] Decoy} 21. Nxb5 Qb6+ {[%mdl 64] Double Attack} 22. Nf2 Bxb5) 20. Qb3 Qb6+ 21. Kh1 fxe4 22. fxe4 Ng4 23. Rfe1 (23. a4 $11 {keeps the balance.}) 23... Qd4 $36 {[%mdl 2048] Black is really pushing.} 24. Bf1 $2 {[%mdl 8192] [#] White does not recover from this.} (24. Nd1 $17) 24... Rxf1+ $1 {[%mdl 576] Remove Defender} 25. Rxf1 Qxd3 26. Rad1 (26. Qd1 $142 Rf8 27. Rxf8+ Bxf8 28. Qe2) 26... Rf8 $19 27. Bf4 a4 $1 28. Qb4 Qc2 {[%csl Gg4][%cal Rc2h2]} 29. Rd2 {[#]} Rxf4 $1 {[%mdl 512]} 30. Nd1 (30. Rxf4 Qxd2) 30... Rxf1+ 31. Kg2 Qxd1 {[%cal Rg4e3]} 32. Qc3 Rg1+ {Av CentiPawn Loss W=-136/B=-21. Weighted=-96/-21} 0-1